Statistics for CFP Champions Quiz

Click here to take the quiz!

General Stats

  • This quiz has been taken 39 times
  • The average score is 8 of 9

Answer Stats

HintAnswer% Correct
2017Alabama
97%
2015Alabama
94%
2020Alabama
94%
2021Georgia
94%
2022Georgia
94%
2018Clemson
90%
2014Ohio State
90%
2016Clemson
87%
2019LSU
87%

Score Distribution

Percentile by Number Answered

Percent of People with Each Score

Your Score History

You have not taken this quiz